Normal view
MARC view
Entry Personal Name
001 - CONTROL NUMBER
- control field: 49267
003 - CONTROL NUMBER IDENTIFIER
- control field: dpl
005 - DATE AND TIME OF LATEST TRANSACTION
- control field: 20120618123441.0
008 - FIXED-LENGTH DATA ELEMENTS
- fixed length control field: 120618|||a|||||| | ||| d
040 ## - CATALOGING SOURCE
- Original cataloging agency: dpl
- Transcribing agency: dpl
100 ## - HEADING--PERSONAL NAME
- Personal name: Aggarwal, J.C.
670 ## - SOURCE DATA FOUND
- Source citation: Work cat.: (dpl): Aggarwal, J.C., Major recommendations of International commission on education for the twenty-first century and their implications :, 1997
670 ## - SOURCE DATA FOUND
- Source citation: Work cat.: (dpl): Aggarwal, J.C., Major recommendations of International commission on education for the twenty-first century and their implications :, 1997
